Hospedería de los diseños: de la inmersión, el vacío y la luz

Uloženo v:
Podrobná bibliografie
Médium: Kniha
Jazyk:španělština
Vydáno: Valparaíso Pontificia Universidad Católica de Valparaíso 2010
Témata:
Tagy: Přidat tag
Žádné tagy, Buďte první, kdo vytvoří štítek k tomuto záznamu!

MARC

LEADER 00000cam a2200000 a 4500
001 UCG5674
003 CL-VaPUC
008 110317e20100000cl |||||||||||||||||spa|d
082 0 4 |a 728.37  |b ROD  |2 21 
245 1 0 |a Hospedería de los diseños: de la inmersión, el vacío y la luz 
300 |a 19 h 
942 |c BK 
945 |d 20110317 00:00:00  |a dcastane 
260 |a Valparaíso  |b Pontificia Universidad Católica de Valparaíso  |c 2010 
500 |a Taller de investigación Vivienda moderna de costa y cordillera, análisis de proyecto arquitectónico 
600 0 |a Ciudad abierta  |9 555424 
650 0 |a Diseño de viviendas  |9 268897 
650 0 |a Viviendas   |9 255326 
650 7 |a MODELOS EXPERIMENTALES  |2 CL-VaPUC  |9 555425 
650 0 |a Naturaleza  |9 269656 
651 0 |a Ritoque  |9 390392 
583 |a last modification  |c 20190821 03:56:00  |k Rodrigo Vera 
999 |c 344077  |d 344075 
952 |0 0  |1 0  |4 0  |6 728_370000000000000_ROD_2010  |7 0  |8 R  |9 441861  |a BIBARQ  |b BIBARQ  |d 2019-11-22  |i 4754921  |l 6  |o 728.37 ROD 2010  |p 4754921  |r 2025-01-20  |s 2024-08-13  |w 2019-11-22  |y BK_R  |k ARQ